2012 Movies - Statistics

General Stats
  • This quiz has been taken 45 times
  • The average score is 19 of 50
Answer Stats
Picture Answer % Correct
Ice Age: Continental Drift
97%
Ted
97%
Madagascar 3: Europe's Most Wanted
87%
Hotel Transylvania
84%
Men In Black 3
81%
Wreck-It Ralph
77%
Brave
74%
The Hobbit: An Unexpected Journey
71%
Life Of Pi
68%
The Amazing Spider-Man
65%
The Avengers
65%
21 Jump Street
61%
Magic Mike
61%
Skyfall
61%
Django Unchained
55%
Les Miserables
52%
The Dark Knight Rises
52%
Dark Shadows
48%
Pitch Perfect
45%
Snow White & The Huntsman
42%
Ghost Rider: Spirit Of Vengeance
39%
Rise Of The Guardians
39%
The Cabin In The Woods
39%
Battleship
35%
The Impossible
29%
Dredd
26%
John Carter
26%
Journey 2: The Mysterious Island
23%
Looper
23%
Mirror Mirror
23%
Prometheus
23%
Rock Of Ages
23%
Abraham Lincoln: Vampire Hunter
19%
Jack Reacher
19%
Chronicle
16%
Cloud Atlas
16%
Safe House
16%
Seven Psychopaths
16%
The Watch
16%
This Means War
13%
Total Recall
13%
Wrath Of The Titans
13%
Zero Dark Thirty
13%
Man On A Ledge
10%
The Bourne Legacy
10%
Killing Them Softly
6%
Lawless
6%
Wanderlust
6%
Contraband
3%
Thanks For Sharing
3%
No matching quizzes found
Score Distribution
Percent of People with Each Score
Percentile by Number Answered
Your Score History
You have not taken this quiz